| 000 | 01043cam a2200289 a 4500 | ||
|---|---|---|---|
| 001 | 3839410 | ||
| 003 | OSt | ||
| 005 | 20240617155556.0 | ||
| 008 | 870220r19871956nyu b 001 0 eng | ||
| 010 | _a 87005370 | ||
| 020 | _a0486653633 (pbk.) | ||
| 040 |
_aMUST LIB _cMUST _dMUST |
||
| 050 | 0 | 0 |
_aQA297 _b.H54 1987 |
| 082 | 0 | 0 |
_a515 _219 |
| 100 | 1 |
_aHildebrand, Francis Begnaud. _917383 |
|
| 245 | 1 | 0 |
_aIntroduction to numerical analysis / _cF.B. Hildebrand. |
| 250 | _a2nd ed. | ||
| 260 |
_aNew York : _bDover Publications, _c1987, c1974. |
||
| 300 |
_axiii, 669 p. ; _c22 cm. |
||
| 500 | _a"Unabridged, slightly corrected republication of the second edition (1974) of the work first published by McGraw-Hill, Inc., in 1956"--T.p. verso. | ||
| 500 | _aIncludes index. | ||
| 504 | _aBibliography: p. [645]-658. | ||
| 650 | 0 |
_aNumerical analysis. _93742 |
|
| 856 | 4 | 2 |
_3Publisher description _uhttp://www.loc.gov/catdir/description/dover032/87005370.html |
| 906 |
_a7 _bcbc _corignew _d1 _eocip _f19 _gy-gencatlg |
||
| 942 |
_2ddc _cO_SHELF |
||
| 999 |
_c8571 _d8571 |
||